Cristián Huneeus: artículos de prensa, 1969-1985

Saved in:
Bibliografiske detaljer
Main Authors: Huneeus, Daniela (Author), Vicuña, Manuel (Author)
Format: Bog
Sprog:spansk
Udgivet: Santiago Dibam 2001
Serier:Escritores de Chile, 12
Fag:
Tags: Tilføj Tag
Ingen Tags, Vær først til at tagge denne postø!

MARC

LEADER 00000nam a2200000 a 4500
001 UCL0683
003 CL-VaPUC
005 20230531074356.0
008 030808e20010000CL |||||||||||||||||spa|d
999 |c 304498  |d 304496 
020 |a 956244127X 
040 |c Pontificia Universidad Católica de Valparaíso 
082 0 4 |a Ch864  |b HUN  |2 21 
100 |a Huneeus, Daniela  |e author  |9 502724 
245 1 0 |a Cristián Huneeus: artículos de prensa, 1969-1985 
260 |a Santiago  |b Dibam  |c 2001 
300 |a 149 p 
490 0 |a Escritores de Chile, 12 
583 |a last modification  |c 20030808 00:00:00  |k Rodrigo Vera 
600 |a Huneeus, Cristián  |d 1937-1985  |9 858108 
650 0 |a Ensayos chilenos   |9 269132 
650 0 |a Literatura chilena   |9 308278 
650 0 |a Crónicas chilenas  |9 321511 
700 0 |a Vicuña, Manuel  |e author  |9 477440 
852 |a BIBCUR 
942 |c BK  |2 ddc 
945 |d 20030808 00:00:00  |a cmena 
952 |0 0  |1 0  |4 0  |6 CH_864_000000000000000_HUN_2001  |7 0  |8 A  |9 366830  |a BIBHIS  |b BIBHIS  |d 2019-11-21  |i 3926109  |o Ch864 HUN 2001  |p 3926109  |r 2025-01-20  |w 2019-11-21  |y BK  |k HIS